Petroleum Refining Technology / (Record no. 2914)
[ view plain ]
| 000 -LEADER | |
|---|---|
| fixed length control field | 01237nac a22002171u 4500 |
| 008 - FIXED-LENGTH DATA ELEMENTS--GENERAL INFORMATION | |
| fixed length control field | 090628t xxu||||| |||| 00| 0 eng d |
| 020 ## - INTERNATIONAL STANDARD BOOK NUMBER | |
| International Standard Book Number | 8174090649 |
| 082 ## - DEWEY DECIMAL CLASSIFICATION NUMBER | |
| Classification number | 665 .12 |
| Item number | PRA |
| 100 ## - MAIN ENTRY--PERSONAL NAME | |
| Personal name | Prasad ,Ram. |
| 9 (RLIN) | 7074 |
| 245 ## - TITLE STATEMENT | |
| Title | Petroleum Refining Technology / |
| Statement of responsibility, etc | Ram Parsad. |
| 260 ## - PUBLICATION, DISTRIBUTION, ETC. (IMPRINT) | |
| Place of publication, distribution, etc | Delhi: |
| Name of publisher, distributor, etc | Khanna Publishers, |
| Date of publication, distribution, etc | c2006. |
| 300 ## - PHYSICAL DESCRIPTION | |
| Extent | xii, 402p.; |
| Dimensions | 24cm. |
| Other physical details | ill.; |
| 504 ## - BIBLIOGRAPHY, ETC. NOTE | |
| Bibliography, etc | Includes bibliographical references and index. |
| 650 ## - SUBJECT ADDED ENTRY--TOPICAL TERM | |
| Topical term or geographic name as entry element | Petroleum. |
| 9 (RLIN) | 7075 |
| 700 ## - ADDED ENTRY--PERSONAL NAME | |
| Personal name | Ram Parsad. |
| 9 (RLIN) | 7076 |
| 942 ## - ADDED ENTRY ELEMENTS (KOHA) | |
| Item type | Book - Borrowing |
| Call number prefix | 665 .12PRA |
| Source of classification or shelving scheme | Dewey Decimal Classification |
| Withdrawn status | Item status | Source of classification or shelving scheme | Damaged status | Not for loan | Vendor | Home library | Current library | Shelving location | Date acquired | Source of acquisition | Cost, normal purchase price | Total Checkouts | Full call number | Barcode | Date last seen | Cost, replacement price | Koha item type | Total Renewals | Date last borrowed | Serial Enumeration / chronology |
|---|---|---|---|---|---|---|---|---|---|---|---|---|---|---|---|---|---|---|---|---|
| Dewey Decimal Classification | Central Library | Central Library | First floor | 07/03/2011 | 70.00 | 665.53 PRA | 000001382 | 15/07/2025 | 70.00 | Book - Borrowing | ||||||||||
| Dewey Decimal Classification | Central Library | Central Library | First floor | 07/03/2012 | 4 | 665.53 PRA | 000001171 | 15/07/2025 | Book - Borrowing | 1 | 18/10/2012 | |||||||||
| Dewey Decimal Classification | Alahram | Central Library | Central Library | First floor | 28/06/2009 | 61.50 | 1 | 665.53 PRA | 000016967 | 15/07/2025 | Book - Borrowing | 5 | 09/12/2012 | 352 | ||||||
| Dewey Decimal Classification | Alahram | Central Library | Central Library | First floor | 25/03/2010 | 55.50 | 665.53 PRA | 000020335 | 15/07/2025 | NB - Book (Non borrowing) | 38 |